Cartoon Network Shows (2017) - Statistics

General Stats
  • This quiz has been taken 453 times
  • The average score is 9 of 12
Answer Stats
Hint Answer % Correct
A boy who has a magic watch that can transform him into 10 aliens Ben 10!
96%
A blue cat and a orange fish get into mischief The Amazing world of Gumball
94%
Three young girls who fight crime and are made of sugar, spice, and everything nice The Powerpuff Girls
93%
Three Bears and their friends who go on adventures We Bare Bears
91%
A bird and a raccoon who protect the park and are always getting in trouble Regular Show
88%
A magical boy with a crystal in his belly button and saves the world with his "crystal" friends Steven Universe
86%
A human and a magical dog who fight evil and have fun Adventure time
85%
A team of Young superheroes who have a silly side Teen Titans GO!
84%
A man who grants the wishes of children and travels with a dinosaur and a slice of pizza Uncle Grandpa
74%
A Young boy who lives in Aberdale Clarence
52%
Prohyas and Vambre, Who collect swords that do certain things Mighty Magiswords
44%
A boy tries to unlock his potential and become a hero, all while saving the bodega from the evil Lord Boxman Ok K.O!
44%
No matching quizzes found
Score Distribution
Percent of People with Each Score
Percentile by Number Answered
Your Score History
You have not taken this quiz